| 000 | 00467cam a22001457a 4500 | ||
|---|---|---|---|
| 008 | 180718b1912 xxu||||| |||| 00| 0 eng d | ||
| 082 | _aB21 R547 | ||
| 100 | _aRobertson, J. M. | ||
| 245 |
_aEvolution of states: an introduction to English politics _cby J. M. Robertson |
||
| 260 |
_aLondon _bWatts _c1912 |
||
| 300 | _a487p. | ||
| 650 | _aEurope --Politics and government | ||
| 650 | _aGreat Britain --Politics and government | ||
| 650 | _aPolitical science --History | ||
| 999 |
_c431263 _d431263 |
||